000
00292 a2200121 4500
005
20250625154623.0
020
_a
0-13-087902-9
082
_a
658.4012DAV
100
_a
DAVID, F.R.
245
_a
Strategic Management: Cases
300
_a
xxxii, 432,: ill.; figure, table
_c
25cm
942
_2
ddc
_c
BKS
999
_c
5124
_d
5124